| 000 | 00563nam a2200181 a 4500 | ||
|---|---|---|---|
| 001 | 2974 | ||
| 003 | CDMR | ||
| 005 | 20131024110256.0 | ||
| 008 | 130130s1985||||||||||||||||||||||||||||d | ||
| 040 |
_aCDMR _bcat _cCDMR |
||
| 100 | 1 |
_aHuerta, José María _92186 |
|
| 245 | 1 | 0 | _aNuevas tecnologías y avances en la radiodifusión de sonido |
| 260 |
_c1985 _bInstituto Oficial de Radio y Televisión |
||
| 300 |
_a20 p. _c30 cm |
||
| 650 | 0 | 4 |
_92384 _aRàdio _xTècnica |
| 650 | 0 | 4 |
_93080 _aMitjans de comunicació de massa _xInnovacions tecnològiques |
| 942 |
_cFULLET _2udc |
||
| 999 |
_c2974 _d2974 |
||